000 01020nam a22002177a 4500
999 _c33134
_d33134
003 OSt
005 20220628202430.0
008 140214b2022 slv spa
040 _cBMC
082 _a428
100 1 _946380
_aArteaga Guardado, Alfredo José
245 1 0 _aFactores emocionales que inciden en la adquisición del idioma inglés y sus estrategias pra mejorarlos
_b: Investigación, informe final
_cAlfredo José Arteaga Guardado, Aracely Elizabeth Medina Flores
260 _aSanta Ana (El Salvador)
_bUniversidad Católica de El Salvador
_c2022
300 _a36 h.
_bil. col
_c27 cm
_e+ 1 disco compacto
500 _aPrecede al tít.: Universidad Católica de El Salvador, Facultad de Ciencias y Humanidades
502 _aPara optar al grado académico de: Licenciatura en Idioma Inglés
650 2 4 _918240
_aLengua inglesa
_xMétodos
700 1 _946381
_aMedina Flores, Aracely Elizabeth
710 2 _91075
_aUniversidad Católica de El Salvador
_bFacultad de Ciencias y Humanidades
942 _2ddc
_cTG